Statistics for Countries, US States, Capitals, Elements, 100 Most Common Words: add 2 letters to get another

Click here to take the quiz!

General Stats

  • This quiz has been taken 232 times
  • The average score is 58 of 105

Answer Stats

ANSWER% Correct
Arkansas
89%
Caracas
88%
Andorra
87%
Germany
86%
Monaco
85%
India
82%
Berlin
81%
Malawi
81%
Denver
80%
Bangkok
79%
Kansas
79%
Mexico
79%
Somalia
79%
Washington
79%
Bhutan
78%
Indiana
78%
Niger
76%
Nigeria
76%
Bogotá
75%
Manila
75%
Mali
73%
Taiwan
73%
Tunis
73%
Wellington
73%
Cameroon
72%
Vietnam
72%
Accra
70%
Lima
69%
Prague
67%
Togo
67%
Tunisia
67%
Ethiopia
66%
Tirana
66%
Banjul
63%
Topeka
63%
Brunei
62%
Iran
62%
Juba
61%
Nickel
61%
Tehran
61%
Monrovia
60%
Peru
60%
Oman
59%
Armenia
57%
Athens
57%
Australia
57%
Bern
57%
Tashkent
55%
Washington D.C.
54%
Austria
53%
Croatia
53%
Gabon
53%
Suriname
53%
Moroni
52%
Kinshasa
51%
Come
50%
Than
50%
Even
47%
Honiara
46%
Maine
46%
Romania
46%
Gaborone
45%
Like
45%
Then
45%
Radon
44%
Samoa
44%
Yerevan
43%
Want
42%
Iron
41%
Minnesota
38%
Ytterbium
38%
Costa Rica
37%
Take
37%
Hanoi
35%
Yttrium
34%
Cairo
33%
Ankara
32%
Terbium
32%
Yaren
31%
Utah
27%
Lilongwe
26%
Oregon
25%
Nauru
24%
San Marino
23%
Uranium
23%
Baton Rouge
21%
Maseru
19%
Ruthenium
17%
Rhenium
14%
Estonia
13%
Taipei
8%

Score Distribution

Percentile by Number Answered

Percent of People with Each Score

Your Score History

You have not taken this quiz